[Event "London Classic rapid op 11th"]
[Site "London"]
[Date "2019.12.07"]
[Round "2"]
[White "Jezierski, Colum"]
[Black "Rosario, Paulo Rui Beijinho"]
[Result "1-0"]
[WhiteElo "1880"]
[BlackElo "1767"]
[PlyCount "65"]
[EventDate "2019.12.07"]
[EventType "swiss (rapid)"]
[EventRounds "7"]
[EventCountry "ENG"]
[SourceTitle "CBM 195 Extra"]
[Source "ChessBase"]
[SourceDate "2020.05.31"]
[SourceVersion "1"]
[SourceVersionDate "2020.05.31"]
[SourceQuality "1"]

1. e4 d6 2. d4 Nf6 3. Nc3 e5 4. Nf3 exd4 5. Nxd4 Be7 6. Be2 0-0 7. Be3 Re8 8. 0-0 Bf8 9. f3 c6 10. Qd2 d5 11. exd5 Nxd5 12. Nxd5 Qxd5 13. c4 Qe5 14. Bf2 c5 15. Bd3 cxd4 16. Rfe1 Qe3 17. Bxe3 dxe3 18. Qc2 h6 19. Kh1 Nc6 20. a3 a5 21. c5 a4 22. Be4 Nd4 23. Qc3 Nb3 24. Rad1 Bxc5 25. Rd5 Bb6 26. g4 Ba5 27. Rxa5 Rxa5 28. Rxe3 Rae5 29. Bh7+ Kxh7 30. Rxe5 Rxe5 31. Qxe5 Bd7 32. Qe4+ f5 33. Qxb7 1-0

[Event "London Classic rapid op 11th"]
[Site "London"]
[Date "2019.12.07"]
[Round "4"]
[White "Jezierski, Colum"]
[Black "Rushbrooke, Tibo"]
[Result "1-0"]
[WhiteElo "1880"]
[BlackElo "1742"]
[PlyCount "35"]
[EventDate "2019.12.07"]
[EventType "swiss (rapid)"]
[EventRounds "7"]
[EventCountry "ENG"]
[SourceTitle "CBM 195 Extra"]
[Source "ChessBase"]
[SourceDate "2020.05.31"]
[SourceVersion "1"]
[SourceVersionDate "2020.05.31"]
[SourceQuality "1"]

1. e4 e5 2. Nf3 Nc6 3. Bb5 a6 4. Ba4 Nf6 5. d3 Bc5 6. 0-0 d6 7. h3 0-0 8. c3 Ba7 9. Bg5 h6 10. Bh4 g5 11. Nxg5 Nxe4 12. Nf3 Ng5 13. Kh1 Kh8 14. Nxg5 hxg5 15. Qh5+ Kg8 16. Bxg5 Qd7 17. Bf6 Qf5 18. Qh8# 1-0

[Event "London Classic rapid op 11th"]
[Site "London"]
[Date "2019.12.07"]
[Round "3"]
[White "Thatte, Nishchal"]
[Black "Jezierski, Colum"]
[Result "1-0"]
[WhiteElo "1743"]
[BlackElo "1880"]
[PlyCount "75"]
[EventDate "2019.12.07"]
[EventType "swiss (rapid)"]
[EventRounds "7"]
[EventCountry "ENG"]
[SourceTitle "CBM 195 Extra"]
[Source "ChessBase"]
[SourceDate "2020.05.31"]
[SourceVersion "1"]
[SourceVersionDate "2020.05.31"]
[SourceQuality "1"]

1. e4 g6 2. d4 Bg7 3. Nc3 c5 4. dxc5 Nc6 5. Be3 Qa5 6. Qd2 Nf6 7. Nf3 Ng4 8. h3 Nxe3 9. Qxe3 Nb4 10. Bd3 Nxd3+ 11. cxd3 Bxc3+ 12. bxc3 Qxc3+ 13. Ke2 b6 14. Rhc1 Qb2+ 15. Kf1 bxc5 16. Qxc5 0-0 17. Rcb1 Qf6 18. Kg1 d6 19. Qc6 Bxh3 20. e5 dxe5 21. Qxf6 exf6 22. gxh3 Rfd8 23. Rd1 Rac8 24. d4 e4 25. Nh2 Rd5 26. Ng4 Rg5 27. Kf1 f5 28. Nf6+ Kg7 29. h4 Kxf6 30. hxg5+ Kxg5 31. d5 h5 32. d6 Kf6 33. d7 Rd8 34. Rac1 h4 35. Rc8 Ke7 36. Rxd8 Kxd8 37. Kg2 g5 38. Rd5 1-0

[Event "London CSC Weekend U2050 op 10th"]
[Site "London"]
[Date "2018.12.15"]
[Round "2"]
[White "Jezierski, Colum"]
[Black "Forster, James Connor Christ"]
[Result "1/2-1/2"]
[WhiteElo "1932"]
[BlackElo "1839"]
[PlyCount "147"]
[EventDate "2018.12.14"]
[EventType "swiss"]
[EventRounds "5"]
[EventCountry "ENG"]
[SourceTitle "EXT 2020"]
[Source "ChessBase"]
[SourceDate "2019.10.17"]
[SourceVersion "1"]
[SourceVersionDate "2019.10.17"]
[SourceQuality "1"]

1. e4 c6 2. d4 d5 3. Nd2 dxe4 4. Nxe4 Bf5 5. Ng3 Bg6 6. h4 h6 7. N1e2 Nf6 8. Nf4 Bh7 9. Bc4 e6 10. 0-0 Bd6 11. Ngh5 0-0 12. c3 Nxh5 13. Qxh5 Qf6 14. g3 Nd7 15. Re1 e5 16. dxe5 Nxe5 17. Be2 Rfe8 18. Be3 Ng6 19. Nxg6 Bxg6 20. Qf3 Qe6 21. Qg2 Be4 22. Bf3 Bxf3 23. Qxf3 Qg6 24. Bd4 a6 25. Re2 Rxe2 26. Qxe2 Qf5 27. Re1 Kf8 28. b3 Rd8 29. Bb6 Rc8 30. c4 Bb4 31. Rd1 Re8 32. Qd3 Qxd3 33. Rxd3 Re2 34. a4 Re6 35. Bc7 Bc5 36. Kg2 Re2 37. Rf3 Bb4 38. Bb6 Rd2 39. Be3 Rb2 40. Bd4 Rd2 41. Bb6 Re2 42. Rd3 Re6 43. Kf3 Rf6+ 44. Kg2 Re6 45. Be3 Ke7 46. Bd4 Kf8 47. Bb6 Re5 48. g4 Re6 49. Kg3 Bd6+ 50. Kg2 Bb4 51. f4 Re2+ 52. Kf3 Re1 53. Bf2 Re6 54. Bb6 Re1 55. f5 Rf1+ 56. Kg2 Rf4 57. Kg3 Re4 58. Kf3 Re1 59. Bf2 Re8 60. Bg3 f6 61. Bf4 Re1 62. Bg3 Re7 63. g5 hxg5 64. hxg5 fxg5 65. Kg4 Kf7 66. Kxg5 Bc5 67. Bf4 Ba3 68. Rd8 Bb4 69. Rc8 Rd7 70. Rb8 Be7+ 71. Kg4 Bb4 72. Bg5 Rd4+ 73. Kh5 Rd7 74. Kg4 1/2-1/2

[Event "London CSC Weekend U2050 op 10th"]
[Site "London"]
[Date "2018.12.14"]
[Round "1"]
[White "Matsumura, Cocoro"]
[Black "Jezierski, Colum"]
[Result "1-0"]
[WhiteElo "1723"]
[BlackElo "1932"]
[PlyCount "73"]
[EventDate "2018.12.14"]
[EventType "swiss"]
[EventRounds "5"]
[EventCountry "ENG"]
[SourceTitle "EXT 2020"]
[Source "ChessBase"]
[SourceDate "2019.10.17"]
[SourceVersion "1"]
[SourceVersionDate "2019.10.17"]
[SourceQuality "1"]

1. e4 g6 2. d4 Bg7 3. Nc3 c5 4. Be3 cxd4 5. Bxd4 Nf6 6. Nd5 Nc6 7. Nxf6+ exf6 8. Bc3 0-0 9. Bd3 Re8 10. Ne2 d5 11. exd5 Qxd5 12. 0-0 Ne5 13. Nf4 Qd6 14. Bb5 Rd8 15. Bb4 Qxd1 16. Raxd1 Bf5 17. c3 Bc2 18. Rc1 Be4 19. f3 Bf5 20. Rcd1 Bc2 21. Rc1 Bf5 22. Rcd1 Bh6 23. Nd5 Kg7 24. Be7 Rxd5 25. Rxd5 a6 26. Rd6 Be6 27. Ba4 Be3+ 28. Kh1 Bc5 29. Rxe6 fxe6 30. Bxc5 Nd3 31. Ba3 Rd8 32. Kg1 Ne5 33. Rd1 Rc8 34. f4 Ng4 35. Rd7+ Kg8 36. Bb3 Rc6 37. Re7 1-0

[Event "London Classic rapid op"]
[Site "London"]
[Date "2017.12.09"]
[Round "3.13"]
[White "Jezierski, Colum"]
[Black "Merry, Alan B"]
[Result "0-1"]
[WhiteElo "1938"]
[BlackElo "2422"]
[PlyCount "64"]
[EventDate "2017.12.09"]
[EventType "swiss (rapid)"]
[EventRounds "6"]
[EventCountry "ENG"]
[SourceTitle "CBM 182 Extra"]
[Source "ChessBase"]
[SourceDate "2018.02.23"]
[SourceVersion "1"]
[SourceVersionDate "2018.02.23"]
[SourceQuality "1"]

1. e4 e6 2. d4 d5 3. Nd2 Nf6 4. Bd3 c5 5. e5 Nfd7 6. c3 Nc6 7. Ne2 Rb8 8. 0-0 b5 9. f4 g6 10. Kh1 Qb6 11. Nf3 b4 12. c4 dxc4 13. Bxc4 Na5 14. Bd3 Bb7 15. Ng3 Be7 16. Be3 0-0 17. Be4 Rfd8 18. Qe1 Nc4 19. Bg1 Nxb2 20. Bxb7 Qxb7 21. Ng5 cxd4 22. N3e4 h6 23. Qh4 hxg5 24. fxg5 Rdc8 25. Rxf7 Kxf7 26. Qh7+ Ke8 27. Nf6+ Kd8 28. Qg8+ Nf8 29. Bxd4 Rc2 30. Rg1 Nd3 31. h3 Rxg2 32. Rxg2 Nf4 0-1

[Event "London Classic CSC op 7th"]
[Site "London"]
[Date "2015.12.06"]
[Round "4"]
[White "Jezierski, Colum"]
[Black "Pospisil, Evzen"]
[Result "1/2-1/2"]
[WhiteElo "1984"]
[BlackElo "2158"]
[PlyCount "67"]
[EventDate "2015.12.04"]
[EventType "swiss"]
[EventRounds "5"]
[EventCountry "ENG"]
[SourceTitle "CBM 169 Extra"]
[Source "ChessBase"]
[SourceDate "2015.12.18"]
[SourceVersion "1"]
[SourceVersionDate "2015.12.18"]
[SourceQuality "1"]

1. e4 c5 2. Nf3 d6 3. d4 cxd4 4. Nxd4 Nf6 5. Nc3 g6 6. Be3 Bg7 7. f3 0-0 8. Bc4 Nc6 9. Qd2 Bd7 10. 0-0-0 Rc8 11. Bb3 Nxd4 12. Bxd4 b5 13. e5 dxe5 14. Bxe5 Bc6 15. Qxd8 Rfxd8 16. a3 Nd7 17. Bxg7 Kxg7 18. Rhe1 e6 19. Ne4 Bxe4 20. Rxe4 Nc5 21. Re3 a6 22. Ba2 Rxd1+ 23. Kxd1 Na4 24. Kc1 Kf6 25. Bb3 Nb6 26. Re4 Rd8 27. a4 bxa4 28. Bxa4 Rd5 29. Bb3 Rg5 30. g4 Rc5 31. Ba2 a5 32. b4 axb4 33. Rxb4 Nd5 34. Bxd5 1/2-1/2